CHANGES and disturbances in tropical rainforest in South-East Asia : a discussion meeting on 20-21 January 1999, London, UK

Bibliographic Details
Other Authors: Clutton-Brock, Newbery, Prance
Format: Book
Published: London : Imperial College Press , 1999
Subjects:

MARC

LEADER 00000cam a2200000 7i4500
001 0000002515
005 20030712.0
020 0 0 |a 1860942431 
090 0 0 |a 577.340959   |b CHA 1999 
245 0 0 |a CHANGES and disturbances in tropical rainforest in South-East Asia :   |b a discussion meeting on 20-21 January 1999, London, UK   |c editors, D. M. Newbery, T. H. Clutton-Brock, G. T. Prance 
260 0 0 |a London :   |b Imperial College Press ,   |c 1999 
300 |a viii, 176 p. :   |b ill. ;   |c 27 cm. 
500 0 0 |a Includes bibliographical references and index 
650 0 0 |a Rain forests   |z Asia, Southeastern 
700 0 1 |a Clutton-Brock   |h T. H. 
700 0 1 |a Newbery   |h D. M. 
700 0 1 |a Prance   |h G. T. 
998 |a JPSM 
999 |a 000004675   |b Monograph   |c Open Shelf   |e Default branch